[Event "39th TCh-GRE"]
[Site "Eretria GRE"]
[Date "2011.07.03"]
[Round "1.11"]
[White "Nielsen, Peter Heine"]
[Black "Psaras, Stilianos"]
[Result "1-0"]
[WhiteTitle "GM"]
[WhiteElo "2681"]
[BlackElo "2098"]
[WhiteTeam "AEK"]
[BlackTeam "Peiraikos OS"]
[WhiteFideId "1400355"]
[BlackFideId "4200888"]
[EventDate "2011.07.03"]

1. d4 e6 2. c4 d5 3. Nf3 c5 4. cxd5 exd5 5. g3 Nc6 6. Bg2 cxd4 7. Nxd4 Nf6 8.
O-O Be7 9. Nc3 O-O 10. Be3 Re8 11. Qb3 Na5 12. Qc2 Bg4 13. h3 Bh5 14. Rad1 Nc4
15. Bg5 Nb6 16. Nf5 Rc8 17. Qb3 h6 18. Bxf6 Bxf6 19. Nxd5 Rxe2 20. Nf4 Rxb2 21.
Rxd8+ Rxd8 22. Nxh5 Rxb3 1-0

[Event "39th TCh-GRE"]
[Site "Eretria GRE"]
[Date "2011.07.03"]
[Round "1.11"]
[White "Tsomis, Dimitrios"]
[Black "Kalesis, Nikolaos"]
[Result "0-1"]
[WhiteTitle "FM"]
[BlackTitle "IM"]
[WhiteElo "2187"]
[BlackElo "2480"]
[WhiteTeam "Peiraikos OS"]
[BlackTeam "AEK"]
[WhiteFideId "4201280"]
[BlackFideId "4200438"]
[EventDate "2011.07.03"]

1. e4 c5 2. Nf3 e6 3. d4 cxd4 4. Nxd4 a6 5. Bd3 d6 6. O-O Nf6 7. Nc3 g6 8. h3
Bg7 9. Be3 O-O 10. Qd2 Nc6 11. Rad1 Qc7 12. f4 Re8 13. Nxc6 bxc6 14. Ne2 c5 15.
c4 Bb7 16. Nc3 Rad8 17. Qf2 Nd7 18. Qc2 Nb8 19. Rde1 Nc6 20. a3 Nd4 21. Qf2 f5
22. Kh1 Bf6 23. Bc1 Rb8 24. e5 dxe5 25. fxe5 Bxe5 26. Rxe5 Qxe5 27. Bf4 Qf6 28.
Bxb8 Rxb8 29. Be4 Bxe4 30. Nxe4 Qe7 31. Nc3 Rb3 32. Kg1 Qb7 33. Na4 Qc6 34. Nc3
Rb8 35. Rd1 Qb7 36. Rd2 a5 37. Na4 e5 38. Nxc5 Qe7 39. Na4 Qc7 40. c5 Qc6 41.
Nb6 Rd8 42. b4 axb4 43. axb4 Qb5 44. Rb2 Nc6 45. Qc2 Rd4 46. Qb3+ Kg7 47. Nd5
Rd3 48. Nc3 Qxb4 49. Qxb4 Nxb4 50. Nb5 Rd1+ 51. Kh2 Nc6 52. Nd6 Rf1 53. Nb7 f4
54. Rd2 e4 55. Rd7+ Kf8 56. Rd6 e3 57. Rf6+ Kg7 58. Rd6 Nd4 0-1

[Event "39th TCh-GRE"]
[Site "Eretria GRE"]
[Date "2011.07.03"]
[Round "1.11"]
[White "Moutousis, Konstantinos"]
[Black "Sklavounos, Panayotis"]
[Result "1-0"]
[WhiteTitle "IM"]
[WhiteElo "2431"]
[BlackElo "1988"]
[WhiteTeam "AEK"]
[BlackTeam "Peiraikos OS"]
[WhiteFideId "4200071"]
[BlackFideId "4202015"]
[EventDate "2011.07.03"]

1. Nf3 b6 2. e4 Bb7 3. Nc3 e6 4. a3 c5 5. d4 cxd4 6. Nxd4 a6 7. Bd3 d6 8. O-O
Nf6 9. Kh1 Be7 10. f4 Nc6 11. Nf3 O-O 12. Qe1 Rc8 13. e5 dxe5 14. fxe5 Nd5 15.
Qg3 Nxc3 16. Bh6 g6 17. bxc3 Na5 18. Bxf8 Qxf8 19. Ng5 Bxg5 20. Qxg5 Rxc3 21.
Rf6 Rxa3 22. Raf1 Bd5 23. Rxf7 Qxf7 24. Qd8+ Kg7 25. Rxf7+ Kxf7 26. Qd7+ Kg8 27.
Qe8+ 1-0

[Event "39th TCh-GRE"]
[Site "Eretria GRE"]
[Date "2011.07.03"]
[Round "1.11"]
[White "Pahaki, Hristina-Despoina"]
[Black "Asvestopoulou, Evdokia"]
[Result "1-0"]
[WhiteElo "1646"]
[BlackElo "1583"]
[WhiteTeam "AEK"]
[BlackTeam "Peiraikos OS"]
[WhiteFideId "4238621"]
[BlackFideId "4219198"]
[EventDate "2011.07.03"]

1. e4 d5 2. exd5 Qxd5 3. Nc3 Qa5 4. d4 Nf6 5. Bc4 Bf5 6. Ne2 e6 7. O-O Bd6 8.
Nb5 O-O 9. Nxd6 cxd6 10. Ng3 Bg6 11. Bb3 b5 12. Qf3 Nbd7 13. h4 Rfc8 14. h5 Bf5
15. Nxf5 exf5 16. Qxf5 Re8 17. h6 Re4 18. c3 g6 19. Qf3 b4 20. d5 Rae8 21. c4
Nh5 22. Bd2 Rd4 23. Rae1 Rxe1 24. Rxe1 Ne5 25. Qe2 Nf4 26. Qe3 Qb6 27. c5 Qd8
28. cxd6 Qg5 29. Qg3 1-0

[Event "39th TCh-GRE"]
[Site "Eretria GRE"]
[Date "2011.07.03"]
[Round "1.11"]
[White "Kosmas-Lekkas, Dimitiros"]
[Black "Sidiropoulos, Nikolaos2"]
[Result "1-0"]
[WhiteElo "2193"]
[BlackElo "1899"]
[WhiteTeam "AEK"]
[BlackTeam "Peiraikos OS"]
[WhiteFideId "4211936"]
[BlackFideId "4217250"]
[EventDate "2011.07.03"]

1. d4 Nf6 2. c4 c5 3. d5 e6 4. Nc3 exd5 5. cxd5 d6 6. e4 g6 7. f4 Bg7 8. Bb5+
Nfd7 9. Be2 O-O 10. Nf3 Re8 11. O-O Na6 12. Kh1 Rb8 13. a4 Nc7 14. f5 Ne5 15.
Bg5 Bf6 16. Nxe5 Bxg5 17. Nc4 Bf6 18. Bd3 b6 19. Qf3 Kg7 20. Qg3 Be5 21. f6+
Qxf6 22. Rxf6 Bxg3 23. Raf1 Bf5 24. exf5 Kxf6 25. fxg6+ Kg5 26. hxg3 hxg6 27.
Nxd6 1-0

[Event "39th TCh-GRE"]
[Site "Eretria GRE"]
[Date "2011.07.03"]
[Round "1.12"]
[White "Mouroutis, Konstantinos"]
[Black "Bologan, Viktor"]
[Result "1/2-1/2"]
[BlackTitle "GM"]
[WhiteElo "2257"]
[BlackElo "2678"]
[WhiteTeam "CC Patron"]
[BlackTeam "Chess Union Amfissa"]
[WhiteFideId "4204689"]
[BlackFideId "13900048"]
[EventDate "2011.07.03"]

1. d4 Nf6 2. Bf4 g6 3. Nf3 Bg7 4. e3 c5 5. c3 b6 6. h3 Bb7 7. Nbd2 O-O 8. Be2 d5
9. O-O Nfd7 10. Re1 Nc6 11. Qb3 h6 12. a4 a6 13. Qxd5 Kh8 14. Rad1 Qe8 15. Qb3
g5 16. Bg3 Na5 17. Qc2 f5 18. Ne5 Nxe5 19. Bxe5 Bxe5 20. dxe5 Qg6 21. Nc4 Be4
22. Qd2 g4 23. Nxa5 gxh3 24. g3 bxa5 25. Kh2 h5 26. Bd3 Bf3 27. Be2 Bc6 28. b3
Rab8 29. Qc2 h4 30. Rg1 Qe6 31. Bc4 Qxe5 32. Qe2 Qg7 33. gxh4 Bg2 34. Qh5+ Qh7
35. Qxh7+ Kxh7 36. Rd7 Rbe8 37. Bd5 Bxd5 38. Rxd5 Rb8 39. Rxc5 Rxb3 40. Rxa5
Rxc3 41. Kxh3 Rf6 42. Re5 e6 43. f4 Rh6 44. Rb1 Kg7 45. Rb7+ Kf6 46. Rb6 Ke7 47.
Rxa6 Rc1 48. Ra7+ Kd8 49. Rb5 Kc8 50. Ra8+ Kc7 51. Ra7+ Kc8 52. Rg7 Rh1+ 53. Kg2
R6xh4 54. Ra5 Kb8 55. Rb5+ 1/2-1/2

[Event "39th TCh-GRE"]
[Site "Eretria GRE"]
[Date "2011.07.03"]
[Round "1.12"]
[White "Georgakopoulos, Nikolaos"]
[Black "Kanellopoulos, Panayotis"]
[Result "1/2-1/2"]
[WhiteElo "2283"]
[BlackElo "2260"]
[WhiteTeam "Chess Union Amfissa"]
[BlackTeam "CC Patron"]
[WhiteFideId "4210891"]
[BlackFideId "4205928"]
[EventDate "2011.07.03"]

1. e4 c5 2. Nf3 d6 3. d4 cxd4 4. Nxd4 Nf6 5. Nc3 a6 6. Bg5 e6 7. f4 Qc7 8. Bxf6
gxf6 9. Qd2 Nc6 10. Be2 Nxd4 11. Qxd4 Qc5 12. Qxf6 Rg8 13. e5 Be7 14. Qh6 Qe3
15. exd6 Bxd6 16. Rd1 Bf8 17. Qxh7 Rxg2 18. Rf1 Bd7 19. Qd3 Qxd3 20. Bxd3 Rxh2
21. Rd2 Rxd2 22. Kxd2 O-O-O 23. Ke2 Bg7 24. Ne4 Bxb2 25. Nd6+ Kc7 26. Nxf7 Rf8
27. Ng5 b5 28. Nh7 Re8 29. Ng5 Kb6 30. Kd2 Rh8 31. Re1 Rh2+ 32. Re2 Rh6 33. c3
Ba3 34. Kc2 Rf6 35. Bh7 Rxf4 36. Nxe6 Rh4 37. Bd3 Bd6 38. Nd4 a5 39. Nf5 Bxf5
40. Bxf5 Rc4 41. Bd3 Rc5 42. Re6 Kc7 43. Re4 Be5 44. c4 b4 45. Kb3 Bc3 46. a3
Rg5 47. axb4 axb4 48. c5 Rxc5 49. Rc4 Rxc4 50. Bxc4 1/2-1/2

[Event "39th TCh-GRE"]
[Site "Eretria GRE"]
[Date "2011.07.03"]
[Round "1.12"]
[White "Spyropoulos, Georgios"]
[Black "Zygouris, Hristos"]
[Result "1-0"]
[WhiteElo "2169"]
[BlackElo "2240"]
[WhiteTeam "CC Patron"]
[BlackTeam "Chess Union Amfissa"]
[WhiteFideId "4211103"]
[BlackFideId "4200292"]
[EventDate "2011.07.03"]

1. e4 c5 2. Nf3 e6 3. c3 Nf6 4. Bd3 Nc6 5. Bc2 Qc7 6. O-O Be7 7. Re1 d6 8. d4
cxd4 9. cxd4 Nb4 10. Ba4+ Bd7 11. a3 b5 12. Bb3 Nc6 13. Nc3 b4 14. axb4 Nxb4 15.
e5 Nfd5 16. Nxd5 Nxd5 17. Bg5 dxe5 18. Bxd5 exd5 19. Bxe7 Kxe7 20. Nxe5 Be6 21.
Nxf7 Kxf7 22. Qf3+ Ke7 23. Ra6 Qc8 24. Qe2 Kf7 25. Rxe6 Rf8 26. Qe5 Kg8 27. Re7
Qg4 28. Qxd5+ Kh8 29. Qxa8 1-0

[Event "39th TCh-GRE"]
[Site "Eretria GRE"]
[Date "2011.07.03"]
[Round "1.12"]
[White "Havlikova, Kristyna"]
[Black "Toumbeli, Zoi"]
[Result "1-0"]
[WhiteTitle "WIM"]
[WhiteElo "2280"]
[BlackElo "1951"]
[WhiteTeam "Chess Union Amfissa"]
[BlackTeam "CC Patron"]
[WhiteFideId "309672"]
[BlackFideId "4208803"]
[EventDate "2011.07.03"]

1. e4 d6 2. d4 Nf6 3. Nc3 g6 4. f4 Bg7 5. Nf3 O-O 6. Bd3 Na6 7. a3 Bg4 8. h3
Bxf3 9. Qxf3 c5 10. d5 Nc7 11. O-O Nd7 12. Rb1 a6 13. Ne2 b5 14. b3 Rb8 15. c4
bxc4 16. Bxc4 Nb5 17. Kh1 Qa5 18. a4 Nd4 19. Qd3 Nxe2 20. Qxe2 Ra8 21. Bd2 Qb6
22. a5 Qa7 23. Qd3 Rfb8 24. Rfe1 Rb4 25. Re2 Qc7 26. Rbe1 Qxa5 27. e5 dxe5 28.
fxe5 Qa3 29. e6 Nb6 30. exf7+ Kf8 31. Bxb4 Qxb4 32. d6 1-0

[Event "39th TCh-GRE"]
[Site "Eretria GRE"]
[Date "2011.07.03"]
[Round "1.12"]
[White "Terzis, Filippos-Stamatis"]
[Black "Mihopoulos, Konstantinos"]
[Result "1-0"]
[WhiteElo "1713"]
[BlackElo "1968"]
[WhiteTeam "CC Patron"]
[BlackTeam "Chess Union Amfissa"]
[WhiteFideId "4227670"]
[BlackFideId "4217110"]
[EventDate "2011.07.03"]

1. e4 g6 2. Nc3 Bg7 3. f4 c5 4. Nf3 e6 5. d3 Ne7 6. g3 O-O 7. Bg2 d6 8. O-O Nbc6
9. Kh1 a6 10. a3 b5 11. Rb1 d5 12. e5 b4 13. Ne2 Nf5 14. c3 a5 15. axb4 axb4 16.
c4 dxc4 17. dxc4 Qxd1 18. Rxd1 Ra2 19. g4 Nh6 20. h3 Na5 21. Be3 Nb3 22. Nc1
Nxc1 23. Rdxc1 Bb7 24. Bxc5 Rc8 25. Bxb4 Be4 26. Ra1 Rxb2 27. Bd6 Rf2 28. Ra3 f6
29. Kg1 Re2 30. Bf1 Bxf3 31. Rxf3 Ra2 32. c5 Ra7 33. Bc4 Kf7 34. f5 gxf5 35.
gxf5 Ke8 36. Bxe6 Rca8 37. c6 Nf7 38. c7 Nxd6 39. exd6 1-0

[Event "39th TCh-GRE"]
[Site "Eretria GRE"]
[Date "2011.07.03"]
[Round "1.13"]
[White "Kritz, Leonid"]
[Black "Dochev, Dimitar"]
[Result "1-0"]
[WhiteTitle "GM"]
[BlackTitle "IM"]
[WhiteElo "2615"]
[BlackElo "2426"]
[WhiteTeam "Heraklion CC"]
[BlackTeam "Aigialeias Chess Union"]
[WhiteFideId "4653530"]
[BlackFideId "2900939"]
[EventDate "2011.07.03"]

1. e4 e6 2. d4 d5 3. Nc3 Bb4 4. e5 c5 5. a3 Bxc3+ 6. bxc3 Ne7 7. Qg4 O-O 8. Bd3
f5 9. exf6 Rxf6 10. Bg5 Rf7 11. Qh5 g6 12. Qd1 Nbc6 13. Nf3 c4 14. Be2 Qf8 15.
O-O h6 16. Bc1 Qg7 17. a4 g5 18. h3 Ng6 19. Nh2 Nf4 20. Bf3 Bd7 21. Re1 Kh7 22.
Ba3 Rd8 23. Ng4 Bc8 24. a5 Ng6 25. Bc5 Nh4 26. Be2 Qg6 27. Ne5 Nxe5 28. dxe5 Qg7
29. Bxc4 Bd7 30. Bd3+ Kg8 31. Bxa7 d4 32. Bxd4 Bc6 33. Be4 Bxe4 34. Rxe4 Qg6 35.
Qd3 Nf5 36. Rb1 Kh7 37. g4 Nh4 38. Re3 Kg7 39. Rb6 Re7 40. Qxg6+ Nxg6 41. Re1
Rd5 42. Ra1 Nf4 43. Kh2 Kg6 44. Rd6 Rb5 45. c4 Rb4 46. c5 Rc4 47. c3 h5 48.
gxh5+ Kf5 49. c6 bxc6 50. a6 c5 51. Be3 Ra7 52. Rb6 Rxc3 53. h6 1-0

[Event "39th TCh-GRE"]
[Site "Eretria GRE"]
[Date "2011.07.03"]
[Round "1.13"]
[White "Nikolakopoulos, Nikolaos"]
[Black "Postny, Evgeny"]
[Result "0-1"]
[BlackTitle "GM"]
[WhiteElo "1992"]
[BlackElo "2618"]
[WhiteTeam "Aigialeias Chess Union"]
[BlackTeam "Heraklion CC"]
[WhiteFideId "4219759"]
[BlackFideId "2804344"]
[EventDate "2011.07.03"]

1. e4 c5 2. Nf3 e6 3. d4 cxd4 4. Nxd4 a6 5. Nc3 Nc6 6. Nxc6 bxc6 7. e5 Qc7 8. f4
d5 9. exd6 Bxd6 10. Ne4 Bb4+ 11. c3 Be7 12. Bd3 Nf6 13. O-O O-O 14. Nxf6+ Bxf6
15. Be3 g6 16. Qf3 Rb8 17. Rf2 c5 18. g4 Bh4 19. Re2 f5 20. Qh3 Bf6 21. g5 Bg7
22. Bc4 Kh8 23. Rae1 e5 24. fxe5 f4 25. e6 fxe3 26. Qxe3 Qe7 27. h4 Bb7 28. Rd1
Bc6 29. Bd5 Rbd8 30. Qe4 Rf5 31. Red2 Re5 32. Qc4 Rdxd5 33. Rxd5 Bxd5 34. Rxd5
Rxe6 35. Rxc5 Re1+ 36. Kg2 Re2+ 37. Kf1 Re4 38. Rc8+ Bf8 39. Qd5 Rf4+ 40. Kg1
Qe3+ 0-1

[Event "39th TCh-GRE"]
[Site "Eretria GRE"]
[Date "2011.07.03"]
[Round "1.13"]
[White "Stavrianakis, Ioannis"]
[Black "Papanikolaou, Nikos"]
[Result "1-0"]
[WhiteElo "2270"]
[BlackElo "1780"]
[WhiteTeam "Heraklion CC"]
[BlackTeam "Aigialeias Chess Union"]
[WhiteFideId "4208412"]
[BlackFideId "4254287"]
[EventDate "2011.07.03"]

1. d4 d5 2. c4 e6 3. Nf3 Nf6 4. Nc3 Be7 5. Bg5 O-O 6. e3 h6 7. Bh4 b6 8. cxd5
Nxd5 9. Bg3 Bb7 10. Bd3 c5 11. O-O cxd4 12. exd4 Nd7 13. Rc1 N7f6 14. Qe2 Rc8
15. Rfd1 Bd6 16. Ne5 Qe7 17. Bb1 Rfd8 18. f3 Nh5 19. Nxd5 Bxd5 20. Rxc8 Rxc8 21.
Qd3 Nf6 22. Ng4 Rc6 23. Bh4 Bxh2+ 24. Nxh2 Bc4 25. Bxf6 Qxf6 26. Qe3 Rd6 27. Ng4
Qh4 28. Ne5 f6 29. Nxc4 1-0

[Event "39th TCh-GRE"]
[Site "Eretria GRE"]
[Date "2011.07.03"]
[Round "1.13"]
[White "Bulmaga, Irina"]
[Black "Markantonaki, Haritomeni"]
[Result "1-0"]
[WhiteTitle "WIM"]
[BlackTitle "WFM"]
[WhiteElo "2293"]
[BlackElo "2147"]
[WhiteTeam "Aigialeias Chess Union"]
[BlackTeam "Heraklion CC"]
[WhiteFideId "13903063"]
[BlackFideId "4207050"]
[EventDate "2011.07.03"]

1. e4 c5 2. Nf3 e6 3. d3 Nc6 4. c3 Nf6 5. g3 g6 6. Bg2 Bg7 7. O-O O-O 8. Na3 d6
9. Re1 Rb8 10. d4 cxd4 11. cxd4 d5 12. Bf4 dxe4 13. Ne5 Ra8 14. Nxc6 bxc6 15.
Be5 Ba6 16. Qa4 Qb6 17. Rac1 Bb5 18. Nxb5 cxb5 19. Qc2 Qa6 20. Qb3 Rac8 21. Bf1
Rxc1 22. Rxc1 Nd5 23. Bxb5 Qa5 24. Bf1 Bxe5 25. dxe5 Qd2 26. Qc2 Qg5 27. Re1 e3
28. fxe3 Qxe5 29. Bg2 Nf6 30. Qd2 Rb8 31. b3 Kg7 32. Bf3 Rb6 33. Rd1 h5 34. Kg2
a5 35. Qd4 Qb8 36. Qc3 a4 37. bxa4 Rb2+ 38. Rd2 Rb4 39. a5 e5 40. a6 e4 41. Be2
Rb6 42. a4 Qa7 43. Bb5 Kh7 44. h3 h4 45. gxh4 Qb8 46. Rf2 Nh5 47. Rxf7+ Kh6 48.
Qc7 1-0

[Event "39th TCh-GRE"]
[Site "Eretria GRE"]
[Date "2011.07.03"]
[Round "1.13"]
[White "Dimopoulos, Dimitrios"]
[Black "Bakoyannis, Thodoris"]
[Result "1-0"]
[WhiteElo "1946"]
[BlackElo "1629"]
[WhiteTeam "Heraklion CC"]
[BlackTeam "Aigialeias Chess Union"]
[WhiteFideId "4213459"]
[BlackFideId "4252837"]
[EventDate "2011.07.03"]

1. Nf3 Nf6 2. g3 d5 3. Bg2 c6 4. O-O Bg4 5. d4 Nbd7 6. b3 e6 7. Bb2 Bd6 8. Ne5
Bf5 9. Nd2 Bxe5 10. dxe5 Ng4 11. e4 dxe4 12. Nxe4 O-O 13. Ba3 c5 14. Nxc5 Nxc5
15. Bxc5 Re8 16. Bxb7 Nxe5 17. Qxd8 Raxd8 18. f4 Rb8 19. Bg2 Ng4 20. Bxa7 Bxc2
21. Bxb8 Rxb8 22. Rac1 Bd3 23. Rf3 Ba6 24. Rfc3 Nf6 25. Rc6 Bb5 26. Rc8+ Rxc8
27. Rxc8+ Ne8 28. a4 Bd7 29. Rd8 1-0

[Event "39th TCh-GRE"]
[Site "Eretria GRE"]
[Date "2011.07.03"]
[Round "1.14"]
[White "Koukoufikis, Alexandros"]
[Black "Khetsuriani, Besarion"]
[Result "1/2-1/2"]
[BlackTitle "IM"]
[WhiteElo "2258"]
[BlackElo "2325"]
[WhiteTeam "CC Ikaria J. Tzelepis"]
[BlackTeam "S.A.S. Koropiou"]
[WhiteFideId "4205499"]
[BlackFideId "13600559"]
[EventDate "2011.07.03"]

1. e4 e5 2. Nf3 Nc6 3. Nc3 Nf6 4. g3 d6 5. Bg2 g6 6. h3 Bg7 7. d3 h6 8. Be3 Be6
9. d4 exd4 10. Nxd4 Nxd4 11. Bxd4 O-O 12. O-O Bd7 13. Qd2 Bc6 14. Nd5 Nxd5 15.
exd5 Bd7 16. Rfe1 Re8 17. Rxe8+ Bxe8 18. Re1 Bd7 19. c4 a5 20. c5 a4 21. cxd6
cxd6 22. Qb4 Qa5 23. Qxa5 Rxa5 24. Bxg7 Kxg7 25. Re7 Bb5 26. Rxb7 Bc4 27. b3
axb3 28. axb3 Bxd5 29. Bxd5 Rxd5 30. Kf1 Rd2 31. Ke1 Rb2 32. Rd7 1/2-1/2

[Event "39th TCh-GRE"]
[Site "Eretria GRE"]
[Date "2011.07.03"]
[Round "1.14"]
[White "Fakaros, Georgios"]
[Black "Savoglou, Nikolaos"]
[Result "1/2-1/2"]
[WhiteElo "2019"]
[BlackElo "2054"]
[WhiteTeam "CC Ikaria J. Tzelepis"]
[BlackTeam "S.A.S. Koropiou"]
[WhiteFideId "4214528"]
[BlackFideId "4211677"]
[EventDate "2011.07.03"]

1. e4 e6 2. d4 d5 3. exd5 exd5 4. Bf4 Bf5 5. Bd3 Bxd3 6. Qxd3 c6 7. Nf3 Bd6 8.
Bxd6 Qxd6 9. O-O Ne7 10. Nbd2 O-O 11. Rfe1 Nd7 12. c4 Ng6 13. c5 Qf4 14. Re2 Qg4
15. h3 Qxg2+ 16. Kxg2 Nf4+ 17. Kf1 Nxd3 18. Re7 Rad8 19. Re3 Nf4 20. h4 Rfe8 21.
Rae1 Rxe3 22. Rxe3 b6 23. b4 bxc5 24. bxc5 Kf8 25. Ra3 Ra8 26. Nb3 Ne6 27. Na5
Nd8 28. Nb3 f6 29. Ke2 Ke7 30. Kd3 Nb7 31. Na5 Nxa5 32. Rxa5 Kd8 33. Ra3 a6 34.
Kc2 Ra7 35. h5 Nf8 36. Rb3 Kc7 37. Re3 Kd7 38. Nh4 g6 39. hxg6 hxg6 40. Rg3 1/2-1/2

[Event "39th TCh-GRE"]
[Site "Eretria GRE"]
[Date "2011.07.03"]
[Round "1.14"]
[White "Athanasiou, Georgios"]
[Black "Adamos, Thomas"]
[Result "1-0"]
[WhiteElo "1954"]
[BlackElo "1763"]
[WhiteTeam "CC Ikaria J. Tzelepis"]
[BlackTeam "S.A.S. Koropiou"]
[WhiteFideId "4215478"]
[BlackFideId "4220552"]
[EventDate "2011.07.03"]

1. e4 c5 2. Nf3 d6 3. d4 cxd4 4. Nxd4 Nf6 5. Nc3 g6 6. Be3 Bg7 7. f3 O-O 8. Qd2
Nc6 9. O-O-O Bd7 10. Bc4 a6 11. h4 b5 12. Bb3 Na5 13. Bh6 Nxb3+ 14. Nxb3 b4 15.
Bxg7 Kxg7 16. Nd5 Nxd5 17. Qxd5 a5 18. h5 a4 19. hxg6 hxg6 20. Nc5 dxc5 21. Qxd7
Qxd7 22. Rxd7 b3 23. cxb3 axb3 24. a3 e6 25. Rc7 Rac8 26. Rxc8 Rxc8 27. Kd2 Kf6
28. Rc1 Ke5 29. Ke3 f5 30. f4+ Kd6 31. e5+ Ke7 32. Rc3 Kd7 33. Rd3+ Kc6 34. Rd6+
Kb5 35. Rxe6 c4 36. Kd2 Rg8 37. Rd6 Rg7 38. e6 Re7 39. Kc3 Kc5 40. Rd4 Rxe6 41.
Rxc4+ Kb5 42. Kxb3 Re2 43. Rc2 Re3+ 44. Rc3 Re4 45. g3 g5 46. fxg5 Rg4 47. Rf3
Rxg5 48. Kc3 Ka4 49. Kd4 Kb5 50. Ke5 1-0

[Event "39th TCh-GRE"]
[Site "Eretria GRE"]
[Date "2011.07.03"]
[Round "1.15"]
[White "Balogh, Csaba"]
[Black "Petr, Martin"]
[Result "1/2-1/2"]
[WhiteTitle "GM"]
[BlackTitle "GM"]
[WhiteElo "2643"]
[BlackElo "2523"]
[WhiteTeam "F.O. New Irakleion Attica 2173"]
[BlackTeam "CC Amfissa"]
[WhiteFideId "718939"]
[BlackFideId "318299"]
[EventDate "2011.07.03"]

1. e4 c5 2. Nf3 e6 3. d4 cxd4 4. Nxd4 a6 5. Bd3 d6 6. O-O Nf6 7. c4 Be7 8. Nc3
O-O 9. Kh1 Qc7 10. f4 Nbd7 11. Qe2 Re8 12. Bd2 b6 13. Rae1 Bb7 14. f5 e5 15. Nb3
h6 16. Nd5 Nxd5 17. cxd5 Qd8 18. Rc1 Nc5 19. Nxc5 dxc5 20. a4 Qd6 21. Rf3 Rec8
22. Bc4 Rc7 23. Rcf1 Bf6 24. Rg3 Kf8 25. Rb3 Bc8 26. g4 Bd7 27. Ra1 Rca7 28. Kg2
Be8 29. Rh3 Qd8 30. Be3 Kg8 31. Bd3 Bg5 32. b3 Bxe3 33. Qxe3 Qg5 34. Qxg5 hxg5
35. Be2 Rd8 36. Rc3 a5 37. h4 gxh4 38. g5 f6 39. g6 Kf8 40. Rh1 Ke7 41. Rxh4
Rda8 42. Rh8 Kd6 43. Rg8 Bd7 44. Rxg7 Bxf5 45. Rxa7 Bxe4+ 46. Bf3 Bxf3+ 47. Kxf3
Rxa7 48. Ke4 Ra8 49. g7 Rg8 50. Rg3 f5+ 51. Kxf5 Kxd5 52. Rd3+ Kc6 53. Kf6 b5
54. Re3 bxa4 55. bxa4 Kd6 56. Rd3+ Kc6 57. Kf7 Ra8 58. g8=Q Rxg8 59. Kxg8 c4 60.
Rd1 Kc5 61. Kf7 Kb4 62. Ke6 Kxa4 63. Kxe5 Kb3 64. Kd4 a4 65. Rb1+ Kc2 66. Rh1 c3
67. Rh2+ Kb3 68. Kd3 a3 69. Rh8 Kb2 70. Rb8+ Kc1 71. Kxc3 a2 72. Ra8 Kb1 73.
Rxa2 Kxa2 1/2-1/2

[Event "39th TCh-GRE"]
[Site "Eretria GRE"]
[Date "2011.07.03"]
[Round "1.15"]
[White "Olsarova, Karolina"]
[Black "Managadze, Nikoloz"]
[Result "0-1"]
[WhiteTitle "WIM"]
[BlackTitle "IM"]
[WhiteElo "2282"]
[BlackElo "2470"]
[WhiteTeam "CC Amfissa"]
[BlackTeam "F.O. New Irakleion Attica 2173"]
[WhiteFideId "320242"]
[BlackFideId "13600575"]
[EventDate "2011.07.03"]

1. e4 e6 2. d4 c5 3. Nf3 cxd4 4. Nxd4 Nf6 5. Nc3 Nc6 6. Ndb5 d6 7. Bf4 e5 8. Bg5
a6 9. Na3 Be6 10. Nc4 Rc8 11. Ne3 Be7 12. Bxf6 Bxf6 13. Ned5 Bg5 14. Bd3 Nd4 15.
O-O O-O 16. a4 g6 17. a5 f5 18. Nb6 Rc5 19. Ncd5 Bxd5 20. b4 fxe4 21. bxc5 exd3
22. Nxd5 dxc2 23. Qd3 dxc5 24. Qc4 Kg7 25. Ne3 Bf4 26. h3 Qg5 27. Nxc2 Nf3+ 28.
Kh1 Nd2 29. Qxc5 Nxf1 30. Rxf1 Qf5 31. Ne3 Bxe3 32. Qxe3 e4 33. Rb1 Rf7 34. Qc3+
Qf6 35. Qb4 Qe5 36. Kg1 e3 37. fxe3 Qxe3+ 38. Kh1 Qd3 39. Kh2 h5 40. Re1 Qd8 41.
Qc3+ Qf6 42. Qe3 Qb2 43. Rd1 Qf6 44. Kg1 Re7 45. Qc5 Kh6 46. Rb1 Qg5 47. Qb6 Re2
48. Qxb7 Qe3+ 49. Kh1 Re1+ 50. Rxe1 Qxe1+ 51. Kh2 Qxa5 52. Qe7 Qf5 53. h4 Qf4+
54. g3 Qf2+ 55. Kh3 Qf5+ 56. Kh2 Qc2+ 57. Kh3 Qc3 58. Qf8+ Kh7 59. Qa8 a5 60.
Qa7+ Kh6 61. Qa8 Qe5 62. Kh2 Qe2+ 63. Kh3 Qe6+ 64. Kh2 Qe5 65. Kg2 Kg7 66. Qa7+
Kf6 67. Qb6+ Kf7 68. Qa7+ Kg8 69. Qa8+ Kh7 70. Qa7+ Kh6 71. Qa8 Qb2+ 72. Kh3 Qa1
73. Qf8+ Kh7 74. Qe7+ Qg7 75. Qa3 Qd7+ 76. Kh2 a4 77. Qb4 Qa7 78. Qa3 Qf2+ 79.
Kh3 Qf5+ 80. Kh2 Qe4 81. Qf8 Qc2+ 82. Kg1 Qc1+ 83. Kh2 Qb2+ 84. Kg1 Qg7 85. Qa3
Qd4+ 86. Kh2 Qa7 87. Kh3 Qd7+ 88. Kh2 Qe8 89. Kh3 Qe4 90. Kh2 Kg7 91. Qc3+ Kf7
92. Qc7+ Ke6 93. Qc8+ Kd6 94. Qf8+ Kd7 95. Qg7+ Kc6 96. Qc3+ Kb5 97. Qb2+ Kc4
98. Qa2+ Kc3 99. Qa3+ Kd2 100. Qd6+ Ke1 101. Qa3 Kf2 102. Qc5+ Qe3 103. Qf8+ Ke2
104. Qb4 a3 105. Qc4+ Kf2 106. Qf7+ Ke1 107. Kh3 Qe4 108. Kh2 Qe2+ 0-1

[Event "39th TCh-GRE"]
[Site "Eretria GRE"]
[Date "2011.07.03"]
[Round "1.15"]
[White "Azis, Azizis Ektoras"]
[Black "Balaskas, Panayotis"]
[Result "1-0"]
[WhiteElo "2246"]
[BlackElo "2043"]
[WhiteTeam "F.O. New Irakleion Attica 2173"]
[BlackTeam "CC Amfissa"]
[WhiteFideId "4207637"]
[BlackFideId "4201302"]
[EventDate "2011.07.03"]

1. e4 c5 2. Nc3 Nc6 3. f4 g6 4. Nf3 Bg7 5. g3 d6 6. Bg2 Nh6 7. d3 f5 8. O-O Nd4
9. Kh1 Nxf3 10. Qxf3 O-O 11. Bd2 Bd7 12. Rae1 Bc6 13. Qe2 Qd7 14. Nd1 Rae8 15.
Bc3 e5 16. fxe5 dxe5 17. exf5 gxf5 18. Bxc6 Qxc6+ 19. Qg2 Qxg2+ 20. Kxg2 b5 21.
b3 a5 22. a4 b4 23. Ba1 e4 24. Bxg7 Kxg7 25. dxe4 Rxe4 26. Rxe4 fxe4 27. Rxf8
Kxf8 28. Ne3 Ke7 29. Kf2 Ke6 30. Ke2 Ke5 31. Nc4+ Kd5 32. Nxa5 Nf5 33. Nc4 Nd4+
34. Kd1 h5 35. a5 Nf3 36. h3 Ng1 37. g4 h4 38. g5 Nxh3 39. g6 Nf2+ 40. Ke2 Ng4
41. Ne3+ Nxe3 42. g7 1-0